LEADER 00976nam a2200241 i 4500 001 000000135329 003 CaOOAMICUS 005 20250619112726.0 008 050301s1988 it u000 u ita u 013 $a108661 020 $a88-02-04176-8 040 $aSeMil$bita 100 0 $aPlato,$d<427-347 a.C.>.$0(OLS)http://semarc/name/5353 245 10$a1: Repubblica, Timeo, Crizia, Politico /$cPlatone. 300 $a976 p., [8] carte di tav. :$bill. ;$c24 cm 773 0 $aPlato <427-347 a.C.>$tDialoghi politici, Lettere.$dTorino : Unione Tipografico-Editrice Torinese, 1988.$kClassici della filosofia $g2$w()13030 850 $aSeMil 852 $aSeMil$W1$xVenegono$y1$m2LA C 7$j258630$B89010$CSeMilBibl$Z2$F93615 $81 900 0 $aPlatone. 996 $6020$a88-02-04176-8$9(OLS)http://semarc/number/122675 996 $6245$a1: Repubblica, Timeo, Crizia, Politico$9(OLS)http://semarc/title/197699 LEADER 00913nam a2200229 i 4500 001 000000134716 003 CaOOAMICUS 005 20260122143835.0 008 110526s1966 it u000 u ita u 013 $a107892 040 $aSeMil$bita 100 1 $aTeilhard de Chardin, Pierre,$c.$0(OLS)http://semarc/name/4251 245 10$aAlcune riflessioni sulla conversione del mondo /$cTeilhard de Chardin. 264 1$aBologna :$bDehoniane,$c1966. 300 $a38 p. ;$c17 cm. 650 4$aCristianesimo - Sec. 20.$0(OLS)http://semarc/subject/7709 850 $aSeMil 852 $aSeMil$W1$xVenegono$y1$m5D VIII 23/15$j88427$B88427$CSeMilBibl$Z2$F164042 $81 961 $aOmaggio: Altro 996 $6245$aAlcune riflessioni sulla conversione del mondo$9(OLS)http://semarc/title/197120 996 $6264$aBologna :$bDehoniane$9(OLS)http://semarc/publisher/30419